000 00531nam a2200181Ia 4500
999 _c8032
_d8032
003 OSt
005 20200709115114.0
008 190216s9999||||xx |||||||||||||| ||und||
020 _a9788131507568
040 _coclc
082 _a368.3200954
_bMIS/L
100 _aMishra, K C
_93687
245 0 _aLife Insurance Underwriting /
_cK C Mishra ; R Venugopal
260 _bCengage Learning,
_aDelhi:
_c2009.
300 _a137p
650 _aCommerce
942 _cBK
_2ddc
_h368.3200954
_iMIS/L
_k368.3200954
_mMIS/L